000
00372nam a2200157Ia 4500
008
151213s9999 xx 000 0 und d
100
_a
Iemas Chellis
245
_a
Networking Essentials
_c
Iemas Chellis
250
_a
2nd
260
_a
India
_b
BPB
_c
1998
300
_a
4202 p.
650
_a
Computer
650
_a
Computer
700
_a
Iemas Chellis
999
_c
2626
_d
2626